UM Logo

Asian eye institute expands abroad with Vietnam tie-up/ (Record no. 13733)

MARC details
000 -LEADER
fixed length control field 00403nam a2200121 4500
008 - FIXED-LENGTH DATA ELEMENTS--GENERAL INFORMATION
fixed length control field 190403b ||||| |||| 00| 0 eng d
100 ## - MAIN ENTRY--PERSONAL NAME
9 (RLIN) 38177
Personal name Miraflor, Madelaine B.
245 ## - TITLE STATEMENT
Title Asian eye institute expands abroad with Vietnam tie-up/
Statement of responsibility, etc. Madelaine B. Miraflor
260 ## - PUBLICATION, DISTRIBUTION, ETC. (IMPRINT)
Place of publication, distribution, etc. Philippines:
Name of publisher, distributor, etc. Manila Bulletin;
Date of publication, distribution, etc. c2018.
300 ## - PHYSICAL DESCRIPTION
Extent page B-3.
650 #0 - SUBJECT ADDED ENTRY--TOPICAL TERM
9 (RLIN) 38178
Topical term or geographic name as entry element International relations.
942 ## - ADDED ENTRY ELEMENTS (KOHA)
Source of classification or shelving scheme Dewey Decimal Classification
Koha item type Periodicals
Holdings
Withdrawn status Lost status Source of classification or shelving scheme Damaged status Not for loan Collection code Home library Current library Date acquired Total Checkouts Date last seen Price effective from Koha item type Public note
    Dewey Decimal Classification     Periodicals UM Digos College - LIC UM Digos College - LIC 04/03/2019   04/03/2019 04/03/2019 Periodicals Newspaper Clippings